[Event "AUTO-ADV-3119"]
[Site "http://www.queenalice.com/game.php?id=1271004"]
[Date "2014.4.7"]
[Round "1"]
[White "PallBrandt"]
[Black "Lopesq"]
[Result "1-0"]
[WhiteElo "1895"]
[BlackElo "1752"]

1. d4 d5 2. Nf3 c6 3. Bf4 Nd7 4. Nc3 e6 5. e3 Be7 6. Bd3 Ngf6 7. O-O Nb6 8. b3
Bd6 9. Bxd6 Qxd6 10. Na4 Nbd7 11. c4 dxc4 12. bxc4 h6 13. c5 Qc7 14. Nb2 O-O 15.
Nc4 Nd5 16. Nd6 N7f6 17. Nd2 Nc3 18. Qc2 Ncd5 19. a3 Ne7 20. e4 b6 21. e5 Nfd5
22. N2e4 b5 23. Qd1 a5 24. Qg4 Ng6 25. h4 Ngf4 26. Bc2 h5 27. Qg5 Qd8 28. Qxd8
Rxd8 29. Rfe1 Ba6 30. g3 Ng6 31. Ng5 Nh8 32. Be4 Rf8 33. Bh7# 1-0

[Event "AUTO-ADV-3119"]
[Site "http://www.queenalice.com/game.php?id=1271019"]
[Date "2014.4.7"]
[Round "1"]
[White "PallBrandt"]
[Black "pestiferous"]
[Result "0-1"]
[WhiteElo "1895"]
[BlackElo "2015"]

1. d4 e6 2. c4 f5 3. Nf3 Nf6 4. Bg5 Be7 5. Bxf6 Bxf6 6. e3 O-O 7. Bd3 Nc6 8. O-O
d6 9. Nc3 a5 10. a3 e5 11. dxe5 dxe5 12. e4 Nd4 13. exf5 Bxf5 14. Nd5 Nxf3+ 15.
Qxf3 Bxd3 16. Qxd3 c6 17. Nxf6+ Qxf6 18. c5 Rf7 19. b3 Raf8 20. Rad1 Qh4 21. Qe3
h6 22. Rd3 Qf4 23. Qe2 Kh8 24. Rf3 Qd4 25. Rxf7 Rxf7 26. Qc2 Rd7 27. h3 Rd5 28.
Rc1 e4 29. Kh1 Qd3 30. Qc3 Qe2 31. Kg1 Rd2 32. Qe3 Qxe3 33. fxe3 Rd3 34. Rb1
Rxe3 35. Kf2 Rc3 0-1

[Event "AUTO-ADV-3119"]
[Site "http://www.queenalice.com/game.php?id=1271020"]
[Date "2014.4.7"]
[Round "1"]
[White "pestiferous"]
[Black "PallBrandt"]
[Result "1-0"]
[WhiteElo "2026"]
[BlackElo "1905"]

1. c4 Nf6 2. g3 e6 3. Bg2 Nc6 4. Nc3 Bb4 5. Qc2 d6 6. e4 Nd4 7. Qd1 e5 8. Nge2
Bg4 9. Qa4+ Nc6 10. O-O O-O 11. a3 Bxc3 12. Nxc3 a6 13. f3 Bd7 14. Qd1 Qc8 15.
Rf2 Bh3 16. Bh1 Be6 17. d3 Nd4 18. b4 c5 19. Ne2 Nxe2+ 20. Qxe2 Nd7 21. f4 f6
22. f5 Bf7 23. Bf3 Nb8 24. g4 Nc6 25. g5 fxg5 26. Bxg5 Nd4 27. Qd1 Nxf3+ 28.
Qxf3 Qe8 29. Qg3 Bh5 30. Bh6 Qf7 31. f6 Qg6 32. Qxg6 Bxg6 33. Bxg7 Rfc8 34. Rb1
b6 35. Rfb2 Rd8 36. h4 Ra7 37. Kf2 Kf7 38. Ke3 a5 39. bxc5 bxc5 40. Rh1 Bh5 41.
Rg1 Bg6 42. Rg5 h6 43. Rg1 Re8 44. Rgb1 Ke6 45. Rb7 Rea8 46. R1b6 a4 47. Rxa7
Rxa7 48. Bf8 Kxf6 49. Bxd6 1-0

[Event "AUTO-ADV-3119"]
[Site "http://www.queenalice.com/game.php?id=1271021"]
[Date "2014.4.7"]
[Round "1"]
[White "PallBrandt"]
[Black "luiz_gustavo"]
[Result "1-0"]
[WhiteElo "1884"]
[BlackElo "1756"]

1. d4 d5 2. c4 Nf6 3. Nc3 c6 4. cxd5 Nxd5 5. Nxd5 cxd5 6. Nf3 Nc6 7. Bf4 Bd7 8.
e3 e6 9. Be2 Bb4+ 10. Nd2 Qa5 11. e4 dxe4 12. a3 Bxd2+ 13. Bxd2 Qd5 14. Bc3 O-O
15. O-O Rfe8 16. Qd2 Ne7 17. f3 exf3 18. Bxf3 Qb5 19. Qf4 Ng6 20. Qg3 Rac8 21.
h4 Nf8 22. d5 g6 23. Qg5 exd5 24. Qf6 Qb6+ 25. Qxb6 axb6 26. Bxd5 Bc6 27. Bxf7#
1-0

[Event "AUTO-ADV-3119"]
[Site "http://www.queenalice.com/game.php?id=1271022"]
[Date "2014.4.7"]
[Round "1"]
[White "luiz_gustavo"]
[Black "PallBrandt"]
[Result "0-1"]
[WhiteElo "1774"]
[BlackElo "1899"]

1. e4 c5 2. Nc3 d6 3. d3 Nf6 4. Nf3 Nc6 5. Bf4 g6 6. Be2 Bg7 7. O-O O-O 8. h3 b6
9. Re1 Bb7 10. Bf1 Re8 11. Ne2 e5 12. Bh2 Bc8 13. Ng3 Bb7 14. c3 Bh6 15. Qe2 a5
16. d4 exd4 17. cxd4 cxd4 18. Rad1 Ba6 19. Qc2 Nb4 20. Qb3 Bxf1 21. Kxf1 d3 22.
Rb1 Rc8 23. Kg1 Qc7 24. Nf1 Qc2 25. Qxc2 dxc2 26. Ra1 Rxe4 27. Ne3 d5 28. Nd2
Ree8 29. Nb3 Red8 30. f4 d4 31. Nf1 d3 32. g4 Bg7 33. a3 Na6 34. f5 Nc5 35. Nbd2
Bh6 36. b4 axb4 37. axb4 Nb7 38. Be5 Nd5 39. Ne4 c1=Q 40. Rexc1 Rxc1 41. Rxc1
Bxc1 42. fxg6 hxg6 43. Nh2 d2 0-1

[Event "AUTO-ADV-3149"]
[Site "http://www.queenalice.com/game.php?id=1283552"]
[Date "2014.5.23"]
[Round "1"]
[White "PallBrandt"]
[Black "alvm"]
[Result "1/2-1/2"]
[WhiteElo "1914"]
[BlackElo "1992"]

1. d4 Nf6 2. Nf3 c5 3. dxc5 Qa5+ 4. Nc3 Qxc5 5. e3 Nc6 6. Be2 d5 7. O-O e5 8.
Nb5 Qb6 9. Nc3 Be7 10. Rb1 Be6 11. Bd2 O-O 12. a3 Rfd8 13. h3 Rac8 14. Ng5 Bf5
15. Nf3 d4 16. exd4 exd4 17. Na2 Na5 18. Ne1 Nc4 19. Bxc4 Rxc4 20. Nd3 Qc7 21.
Rc1 Nd5 22. Ne1 Nf4 23. Bxf4 Qxf4 24. Nd3 Qg5 25. Qf3 Bd6 26. Nab4 a5 27. Na2
Be6 28. b3 Rc6 29. a4 Ba3 30. Rce1 Rxc2 31. Nac1 h5 32. Ne2 Bd6 33. Ng3 Bxb3 34.
Ne4 Qg6 35. Nxd6 Qxd6 36. Qxh5 Bc4 37. Ne5 Qf6 38. Nxc4 Rxc4 39. Qxa5 d3 40. Qb5
Rc2 41. Re8+ Rxe8 42. Qxe8+ Kh7 43. Qe4+ Qg6 44. Qh4+ Kg8 45. Qd8+ 1/2-1/2

[Event "AUTO-ADV-3149"]
[Site "http://www.queenalice.com/game.php?id=1283553"]
[Date "2014.5.23"]
[Round "1"]
[White "alvm"]
[Black "PallBrandt"]
[Result "1-0"]
[WhiteElo "1877"]
[BlackElo "1923"]

1. d4 d5 2. c4 c6 3. Nc3 Nf6 4. Nf3 dxc4 5. e4 e6 6. Bxc4 Nbd7 7. O-O Be7 8. Bf4
Nh5 9. Be3 Nhf6 10. e5 Ng4 11. Qe2 Nb6 12. Bd3 Nxe3 13. Qxe3 Nd5 14. Nxd5 exd5
15. Nd2 Bg5 16. f4 Be7 17. Nf3 Qb6 18. b3 c5 19. Rac1 cxd4 20. Qd2 Bg4 21. h3
Bxf3 22. Rxf3 O-O 23. f5 Bb4 24. Qg5 Qh6 25. Qxh6 gxh6 26. f6 Rfc8 27. Rg3+ Kf8
28. Rxc8+ Rxc8 29. Bxh7 Ke8 30. Bd3 Rc1+ 31. Kh2 Kd7 32. Bf5+ Kc6 33. Rg7 Bd2
34. Kg3 Kb6 35. Rxf7 Rc7 36. Rg7 Bb4 37. e6 Bd6+ 38. Kf3 Be5 39. Rxc7 1-0

[Event "AUTO-ADV-3149"]
[Site "http://www.queenalice.com/game.php?id=1283554"]
[Date "2014.5.23"]
[Round "1"]
[White "PallBrandt"]
[Black "raven225"]
[Result "1-0"]
[WhiteElo "1948"]
[BlackElo "1828"]

1. e4 c5 2. Nf3 Nc6 3. Bc4 e6 4. Nc3 Nf6 5. d3 Be7 6. O-O O-O 7. a3 d5 8. exd5
exd5 9. Ba2 Bg4 10. Re1 Re8 11. Bf4 Nh5 12. Bd2 Nd4 13. Bxd5 Bxf3 14. Bxf3 Nf6
15. Ne4 Nxe4 16. Bxe4 Bf6 17. c3 Nc6 18. Qh5 g6 19. Qxc5 Ne5 20. Qb5 Rb8 21. Bf4
a6 22. Qc5 Rc8 23. Qe3 b5 24. Bxe5 Bxe5 25. Qd2 Qc7 26. g3 Kg7 27. Qg5 Bf6 28.
Qg4 a5 29. Rab1 Qd6 30. Qd1 Rcd8 31. Qc2 Qa6 32. d4 Rc8 33. Qd3 Rb8 34. Bg2 Qc8
35. Rxe8 Qxe8 36. Qe4 Qxe4 37. Bxe4 Be7 38. f4 f5 39. Bc6 b4 40. axb4 axb4 41.
cxb4 Rxb4 42. d5 Bc5+ 43. Kg2 Bd4 44. b3 Kf6 45. Kf3 Bc5 46. h3 h6 47. Bd7 Bd6
48. h4 h5 49. Be6 Ke7 50. Rb2 Kf6 51. Ke3 Bc5+ 52. Kd3 Ke7 53. Kc3 Kd6 54. Bf7
Re4 55. Rg2 Bb4+ 56. Kc2 Kc5 57. Bxg6 Kxd5 58. Bxf5 Re7 59. Bg6 Ke6 60. Bxh5 Kf5
61. Kd3 Bc5 62. Kc4 Ba7 63. b4 Re4+ 64. Kb5 Re3 65. Ka6 Ra3+ 66. Kb7 Be3 67. b5
Rb3 68. Be8 Kf6 69. h5 Kg7 70. f5 Kf8 71. Bc6 Bh6 72. g4 Bg5 73. Rc2 Rb4 74. Rg2
Ke7 75. Re2+ Kd6 76. Re4 Rb2 77. b6 Kc5 78. Re5+ Kd4 79. Rb5 Rxb5 80. Bxb5 Kc5
81. Bf1 Bd8 82. h6 Bf6 83. Ka7 1-0

[Event "AUTO-ADV-3149"]
[Site "http://www.queenalice.com/game.php?id=1283555"]
[Date "2014.5.23"]
[Round "1"]
[White "raven225"]
[Black "PallBrandt"]
[Result "0-1"]
[WhiteElo "1842"]
[BlackElo "1925"]

1. e4 c5 2. Nc3 d6 3. Nf3 Nf6 4. Bb5+ Bd7 5. Bxd7+ Nbxd7 6. O-O g6 7. d4 cxd4 8.
Nxd4 Bg7 9. Re1 Ne5 10. f4 Ned7 11. Nf3 O-O 12. Be3 Ng4 13. Qd2 Nxe3 14. Qxe3
Nb6 15. Rab1 Rc8 16. Kh1 Bxc3 17. bxc3 Rc5 18. Rb3 Qc7 19. Nd4 a6 20. e5 Nd5 21.
Qf3 Rb8 22. e6 f6 23. f5 Kg7 24. fxg6 hxg6 25. c4 Nb6 26. Qg3 Nxc4 27. h4 Na5
28. Rf3 Rg8 29. Qg4 Nc6 30. Ne2 Ne5 31. Qh3 Nxf3 32. Qxf3 Rh8 33. Qg3 Rch5 34.
Nf4 Rxh4+ 35. Nh3 Qxc2 36. Kg1 Qxa2 37. Rf1 Qxe6 38. Qf3 b5 39. Qc3 Qc4 40. Qxc4
Rxc4 41. Ra1 Ra8 42. Nf2 a5 43. Kf1 a4 44. Nd3 a3 45. Ra2 b4 46. Ke2 b3 47. Ra1
b2 48. Nxb2 axb2 49. Rxa8 b1=Q 50. Kf3 Qe4+ 0-1

[Event "AUTO-ADV-3149"]
[Site "http://www.queenalice.com/game.php?id=1283556"]
[Date "2014.5.23"]
[Round "1"]
[White "PallBrandt"]
[Black "Cuyo"]
[Result "0-1"]
[WhiteElo "1895"]
[BlackElo "1907"]

1. e4 e6 2. d4 d5 3. exd5 exd5 4. Nf3 Bb4+ 5. Bd2 c5 6. dxc5 Bxc5 7. Be2 Nf6 8.
Nc3 O-O 9. O-O d4 10. Nb1 Qb6 11. b3 Nc6 12. Bf4 Bf5 13. Nbd2 Ne7 14. Nc4 Qd8
15. Bd3 Nfd5 16. Bg5 f6 17. Bh4 Bg4 18. Bg3 Nc3 19. Qd2 Nc6 20. Qf4 Be6 21. Qh4
g6 22. Qh6 Rf7 23. Rfe1 Bd5 24. a3 Rg7 25. b4 Bf8 26. Qd2 b5 27. Nxd4 Nxd4 0-1

[Event "AUTO-ADV-3149"]
[Site "http://www.queenalice.com/game.php?id=1283557"]
[Date "2014.5.23"]
[Round "1"]
[White "Cuyo"]
[Black "PallBrandt"]
[Result "1-0"]
[WhiteElo "1890"]
[BlackElo "1912"]

1. b4 Nf6 2. Bb2 d5 3. e3 g6 4. c4 Bg7 5. Qb3 Be6 6. d4 O-O 7. c5 b6 8. Nc3 bxc5
9. bxc5 Nc6 10. Nf3 Rb8 11. Qc2 Bf5 12. Qd2 Re8 13. Bb5 Bd7 14. O-O e6 15. a4
Ne7 16. Ne5 Bxb5 17. Nxb5 a6 18. Na7 Ra8 19. Nac6 Nxc6 20. Nxc6 Qd7 21. Ne5 Qc8
22. c6 Rb8 23. Rac1 Ne4 24. Qe2 Rb3 25. f3 Bxe5 26. dxe5 Ng5 27. h4 1-0

[Event "AUTO-OPEN-3281"]
[Site "http://www.queenalice.com/game.php?id=1291664"]
[Date "2014.7.1"]
[Round "1"]
[White "Eggchaser"]
[Black "PallBrandt"]
[Result "0-1"]
[WhiteElo "1800"]
[BlackElo "1938"]

1. e4 c5 2. Nf3 d6 3. d4 cxd4 4. Nxd4 g6 5. c4 Bg7 6. Be3 Nc6 7. Nc3 Nf6 8. Be2
O-O 9. O-O Qd7 10. f3 a6 11. Rc1 Nxd4 12. Bxd4 Ne8 13. Bxg7 Nxg7 14. f4 Qc7 15.
Nd5 Qc5+ 16. Kh1 Re8 17. a3 Be6 18. b4 Qc6 19. Bf3 Bxd5 20. cxd5 Qd7 21. Qd4
Rac8 22. h3 Rxc1 23. Rxc1 Rc8 24. Rxc8+ Qxc8 25. Kh2 Qc1 26. g3 Qxa3 0-1

[Event "AUTO-OPEN-3281"]
[Site "http://www.queenalice.com/game.php?id=1291665"]
[Date "2014.7.1"]
[Round "1"]
[White "PallBrandt"]
[Black "Eggchaser"]
[Result "0-1"]
[WhiteElo "1959"]
[BlackElo "1784"]

1. d4 Nf6 2. c4 g6 3. Nc3 d5 4. Nf3 Bg7 5. Bf4 c5 6. dxc5 Qa5 7. Bxb8 Rxb8 8.
Qa4+ Qxa4 9. Nxa4 dxc4 10. e3 Bd7 11. Nc3 Rc8 12. Bxc4 Rxc5 13. Bb3 O-O 14. O-O
a6 15. Rad1 Bg4 16. Na4 Rc7 17. h3 Bxf3 18. gxf3 b5 19. Nc3 e6 20. f4 b4 21. Na4
Ne4 22. Kg2 Nc5 23. Rc1 Rfc8 24. Nb6 Bxb2 25. Rc2 Rb8 26. Nc4 Bc3 27. Ne5 Rbc8
28. Rd1 Nxb3 29. axb3 Bxe5 0-1

[Event "AUTO-OPEN-3281"]
[Site "http://www.queenalice.com/game.php?id=1291682"]
[Date "2014.7.1"]
[Round "1"]
[White "PallBrandt"]
[Black "Jard87"]
[Result "1-0"]
[WhiteElo "1908"]
[BlackElo "1652"]

1. d4 d5 2. c4 Nf6 3. Nc3 c6 4. cxd5 cxd5 5. Nf3 Bf5 6. Bf4 e6 7. e3 Nc6 8. Bb5
Bb4 9. Ne5 Rc8 10. O-O O-O 11. Rc1 a6 12. Bxc6 bxc6 13. Qa4 Bxc3 14. Rxc3 Qb6
15. Rxc6 Rxc6 16. Qxc6 Qxc6 17. Nxc6 Bd3 18. Rc1 Kh8 19. Nb4 Bb5 20. a3 h6 21.
Bd6 Rd8 22. Bc5 Ne4 23. f3 Nd2 24. Kf2 e5 25. Na2 exd4 26. Bxd4 Kh7 27. Rc7 Nb3
28. Rxf7 Nxd4 29. exd4 Kg6 30. Rc7 h5 31. Nb4 Kf5 32. Rxg7 Rc8 33. h4 a5 34.
Nxd5 Rc2+ 35. Kg3 Rxb2 36. Rb7 a4 37. Nc7 Rd2 38. Nxb5 Kg6 39. Rc7 Rd3 40. Rc4
Kf6 41. Rxa4 Ke6 42. Rc4 Kd5 43. Rc3 1-0

[Event "AUTO-OPEN-3281"]
[Site "http://www.queenalice.com/game.php?id=1291683"]
[Date "2014.7.1"]
[Round "1"]
[White "Jard87"]
[Black "PallBrandt"]
[Result "0-1"]
[WhiteElo "1727"]
[BlackElo "1915"]

1. e4 c5 2. Nf3 Nc6 3. c4 d6 4. d4 cxd4 5. Nxd4 g6 6. b3 Bg7 7. Be3 Qa5+ 8. Nd2
Qc5 9. N2f3 Bg4 10. Nxc6 Qxc6 11. Bd4 Bxf3 12. gxf3 Bxd4 13. Qxd4 Nf6 14. O-O-O
O-O 15. Bh3 Nh5 16. Rhg1 Nf4 17. Rd2 Nxh3 18. Rg3 Qd7 19. e5 Qf5 20. Kb2 Nf4 21.
exd6 exd6 22. Qxd6 Rad8 23. Qb4 Nd3+ 24. Rxd3 Rxd3 25. Qxb7 Rd2+ 26. Ka3 Qc5+
27. Qb4 Rxa2+ 28. Kxa2 Qxb4 29. f4 Qd2+ 30. Ka3 Qxf2 31. b4 Qxh2 32. Rf3 h5 33.
c5 h4 34. c6 Qc2 35. b5 Rb8 0-1

[Event "AUTO-MASTER-2124"]
[Site "http://www.queenalice.com/game.php?id=1295764"]
[Date "2014.7.19"]
[Round "1"]
[White "PallBrandt"]
[Black "tiranossaurogalo"]
[Result "0-1"]
[WhiteElo "1922"]
[BlackElo "2145"]

1. e4 e5 2. Nf3 Nc6 3. c3 Nf6 4. d4 Nxe4 5. d5 Ne7 6. Nxe5 Ng6 7. Bd3 Nxe5 8.
Bxe4 Bc5 9. Qh5 d6 10. h3 Qe7 11. Bg5 Nd3+ 0-1

[Event "AUTO-MASTER-2124"]
[Site "http://www.queenalice.com/game.php?id=1295765"]
[Date "2014.7.19"]
[Round "1"]
[White "tiranossaurogalo"]
[Black "PallBrandt"]
[Result "1-0"]
[WhiteElo "2180"]
[BlackElo "1917"]

1. e4 c5 2. Nf3 g6 3. d4 cxd4 4. Nxd4 Bg7 5. c4 Nc6 6. Be3 Nf6 7. Nc3 O-O 8. Be2
d6 9. O-O Bd7 10. Rc1 Rc8 11. f3 a6 12. Qd2 Re8 13. Rfd1 Ne5 14. Nd5 Bc6 15.
Nxf6+ Bxf6 16. f4 Nd7 17. Nxc6 Rxc6 18. e5 Bg7 19. c5 Nb8 20. Bf3 Rc8 21. Bxb7
Rc7 22. c6 1-0

[Event "AUTO-MASTER-2124"]
[Site "http://www.queenalice.com/game.php?id=1295766"]
[Date "2014.7.19"]
[Round "1"]
[White "PallBrandt"]
[Black "Artking"]
[Result "1/2-1/2"]
[WhiteElo "1905"]
[BlackElo "1973"]

1. e4 c5 2. Nf3 a6 3. d4 cxd4 4. Nxd4 d6 5. Nc3 Nf6 6. Bc4 Nc6 7. Bg5 e6 8. O-O
Bd7 9. Bb3 Rc8 10. Kh1 Ne5 11. f4 Neg4 12. Qe1 b5 13. h3 h5 14. hxg4 hxg4+ 15.
Kg1 Qb6 16. Bxf6 gxf6 17. Qe3 e5 18. Nf5 Qxe3+ 19. Nxe3 exf4 20. Ned5 Bg7 21.
Rxf4 f5 22. exf5 g3 23. Nb6 Be5 24. Re1 Rc5 25. Nxd7 Kxd7 26. Rf3 Bd4+ 27. Rfe3
Re5 28. Nd5 Rxf5 29. c3 Ba7 30. Rd1 Rxd5 31. Bxd5 Bxe3+ 32. Kf1 Rh1+ 33. Ke2
Rxd1 34. Kxd1 f5 35. Ke2 f4 36. Kd3 Ke7 37. b4 Kf6 38. c4 Ke5 39. Bf3 Bf2 40.
cxb5 axb5 41. Ke2 Bd4 42. Kd3 Bf2 43. Ke2 Kd4 44. Kd2 Kc4 45. a3 Kb3 46. Be2
Kxa3 47. Bxb5 Kxb4 48. Bc6 Kc4 49. Bf3 d5 50. Be2+ Kd4 51. Bf3 Be3+ 52. Ke2 Kc4
53. Kd1 d4 54. Be2+ d3 55. Bf3 Kc3 56. Bc6 Kb3 57. Bf3 Kb2 58. Bb7 Kb3 59. Bf3
Kc3 60. Bb7 1/2-1/2

[Event "AUTO-MASTER-2124"]
[Site "http://www.queenalice.com/game.php?id=1295767"]
[Date "2014.7.19"]
[Round "1"]
[White "Artking"]
[Black "PallBrandt"]
[Result "1-0"]
[WhiteElo "1896"]
[BlackElo "1940"]

1. e4 c5 2. Nf3 d6 3. d4 cxd4 4. Nxd4 g6 5. Nc3 Bg7 6. Be3 Nc6 7. Bc4 Nf6 8. f3
a6 9. Qd2 Bd7 10. O-O-O Qc7 11. Bb3 O-O 12. Kb1 b5 13. g4 Nxd4 14. Bxd4 e5 15.
Be3 Ne8 16. Nd5 Qb7 17. Ne7+ Kh8 18. Bd5 Qb8 19. Bxa8 Qxa8 20. h4 Be6 21. h5 Qb7
22. Bg5 f6 23. Nxg6+ hxg6 24. hxg6+ Kg8 25. Qh2 Rf7 26. Qh7+ Kf8 27. gxf7 Kxf7
28. Bh6 Qe7 29. Rdg1 Qf8 30. g5 Qh8 31. g6+ Ke7 32. Bxg7 1-0